01268nam a2200241 4500001000700000003000900007005001700016008004100033020001500074040004900089041000800138082002100146245005100167250002200218260006500240300003200305505043600337650005100773650005700824942001200881999001900893952011400912113976DR-UNIBE20251120095934.0250729b2006 mx ||||| |||| 00| 0 spa d a9707126663 aBIBLIOTECA UNIBEbspacBIBLIOTECA UNIBEerda aspa 222a342.972 E53400aElementos de derecho procesal constitucional / aPrimera edición aMéxico :bSuprema Corte de Justicia de la Nación, c2006 a137 páginas :c21 x 15 cm0 aPresentación | I. La defensa de la Constitución | II. Estado y jurisdicción | III. Sistemas de control constitucional | IV. Derecho procesal constitucional y derecho constitucional procesal | V. Los tribunales constitucionales | VI. La defensa de la Constitución en México | VII. Las garantías constitucionales en México | VIII. Derecho procesal constitucional local | Conclusiones | Bibliohemerografía | Normativa 72lembaDerecho constitucionalzMéxico9200910 72lembaTribunales constitucionales zMéxico9200911 2ddccBK c113976d113976 00102ddc708GENaPrincipald2025-06-10l0o342.972 E534p250903r2025-07-29 15:21:03tEj. 1w2025-07-29yBK